|
|
|
|
| LEADER |
00000nam2a2200000 4500 |
| 001 |
113373 |
| 005 |
20231101215124.0 |
| 020 |
|
|
|a RU
|b 94-18115
|
| 035 |
|
|
|a (RuTPU)RU\TPU\book\122616
|
| 090 |
|
|
|a 113373
|
| 100 |
|
|
|a 19950413d1994 k y0rusy5003 ca
|
| 101 |
0 |
|
|a rus
|
| 102 |
|
|
|a RU
|
| 105 |
|
|
|a a z 001zy
|
| 200 |
0 |
|
|a Т. 3 : Сбор и подготовка промысловой продукции
|f С. В. Муравленко [и др.]
|
| 210 |
|
|
|d 1994
|
| 215 |
|
|
|d 23 см
|a 149 с.
|c ил.
|
| 320 |
|
|
|a Библиогр.: с. 147.
|
| 461 |
|
1 |
|0 (RuTPU)RU\TPU\book\126427
|y 5-88595-001-6
|t Разработка нефтяных месторождений
|o в 4 т.
|f Академия естественных наук Российской Федерации ; ЮКОС ; под ред. Н. И. Хисамутдинова , Г. З. Ибрагимова
|v Т. 3 : Сбор и подготовка промысловой продукции
|d 1994
|
| 606 |
1 |
|
|a Нефтедобыча
|x Системы разработки
|x Эксплуатация
|x Механизация
|2 stltpush
|3 (RuTPU)RU\TPU\subj\45690
|9 64882
|
| 606 |
1 |
|
|a Нефть
|x Сбор и хранение
|2 stltpush
|3 (RuTPU)RU\TPU\subj\45893
|9 65083
|
| 610 |
1 |
|
|a разделение
|
| 610 |
1 |
|
|a фазы
|
| 610 |
1 |
|
|a нефтяные эмульсии
|
| 610 |
1 |
|
|a деэмульгаторы
|
| 610 |
1 |
|
|a водонефтяные смеси
|
| 610 |
1 |
|
|a трубопроводы
|
| 610 |
1 |
|
|a технологические схемы
|
| 675 |
|
|
|a 622.276
|z rus
|v 3
|
| 675 |
|
|
|a 622.692
|v 3
|
| 701 |
|
1 |
|a Муравленко
|b С. В.
|
| 701 |
|
1 |
|a Артемьев
|b В. Н.
|
| 701 |
|
1 |
|a Хисамутдинов
|b Н. И.
|
| 701 |
|
1 |
|a Ибрагимов
|b Г. З.
|
| 701 |
|
1 |
|a Телин
|b А. Г.
|
| 701 |
|
1 |
|a Латыпов
|b А. Р.
|
| 701 |
|
1 |
|a Хисамутдинов
|b А. И.
|
| 801 |
|
1 |
|a RU
|b 63413507
|c 20070410
|g PSBO
|
| 801 |
|
2 |
|a RU
|b 63413507
|c 20180409
|g PSBO
|
| 942 |
|
|
|c BK
|